Проблемы экспертизы, повышения и стабилизации потребительских свойств товаров (Запись № 9580835)
[ простой вид ]
| 000 -МАРКЕР | |
|---|---|
| контрольное поле | 01978nam1a2200337 i 4500 |
| 001 - ИДЕНТИФИКАТОР ЗАПИСИ | |
| контрольное поле | RU\NLR\BIBL_A\010664576 |
| 005 - ИДЕНТИФИКАТОР ВЕРСИИ | |
| контрольное поле | 20260408203622.0 |
| 035 ## - ДРУГИЕ СИСТЕМНЫЕ НОМЕРА | |
| Идентификатор записи | (NLR Aleph) 010664576 |
| 100 ## - ДАННЫЕ ОБЩЕЙ ОБРАБОТКИ | |
| Данные общей обработки | 20140319g20129999k y0rusy50 ca |
| 101 0# - ЯЗЫК РЕСУРСА | |
| Язык текста, звукозаписи и т.д. | русский |
| 102 ## - СТРАНА ПУБЛИКАЦИИ ИЛИ ПРОИЗВОДСТВА | |
| Страна публикации | Российская Федерация |
| 105 ## - ПОЛЕ КОДИРОВАННЫХ ДАННЫХ: ТЕКСТОВЫЕ МАТЕРИАЛЫ, МОНОГРАФИЧЕСКИЕ | |
| Кодированные данные о монографическом текстовом документе | z |
| 200 1# - ЗАГЛАВИЕ И СВЕДЕНИЯ ОБ ОТВЕТСТВЕННОСТИ | |
| Основное заглавие | Проблемы экспертизы, повышения и стабилизации потребительских свойств товаров |
| Сведения, относящиеся к заглавию | коллективная монография |
| Первые сведения об ответственности | [Голев И.М., д.т.н., проф., Гостева С.Р., к.ю.н., доц., Дерканосова Н.М., д.т.н., проф.] |
| Последующие сведения об ответственности | под общ. ред. засл. деят. науки РФ, д.т.н., проф. К.К. Полянского |
| 210 ## - ПУБЛИКАЦИЯ, РАСПРОСТРАНЕНИЕ И ДР. | |
| Место издания, распространения и т.д. | Воронеж |
| Имя издателя, распространителя и т. д. | Научная книга |
| Дата издания, распространения и т.д. | 2012 |
| 215 ## - ФИЗИЧЕСКАЯ ХАРАКТЕРИСТИКА | |
| Размеры | 21 |
| 300 ## - ОБЩИЕ ПРИМЕЧАНИЯ | |
| Текст примечания | Авт. указаны на с. 241-242 |
| 606 ## - НАИМЕНОВАНИЕ ТЕМЫ КАК ПРЕДМЕТ | |
| Наименование темы | Продовольственная безопасность |
| Системный номер авторитетной/нормативной записи | 2358700 |
| Идентификатор авторитетной/нормативной записи | RU\NLR\AUTH\661408675 |
| 606 1# - НАИМЕНОВАНИЕ ТЕМЫ КАК ПРЕДМЕТ | |
| Наименование темы | Пищевые продукты |
| Тематический подзаголовок | Производство |
| -- | Инновационные технологии |
| Системный номер авторитетной/нормативной записи | 2515995 |
| Идентификатор авторитетной/нормативной записи | RU\NLR\AUTH\661491207 |
| 606 ## - НАИМЕНОВАНИЕ ТЕМЫ КАК ПРЕДМЕТ | |
| Наименование темы | Пищевые продукты |
| Тематический подзаголовок | Качество |
| -- | Контроль |
| Идентификатор авторитетной/нормативной записи | RU\NLR\AUTH\661544853 |
| Системный номер авторитетной/нормативной записи | 2608295 |
| 686 1# - ИНДЕКСЫ ДРУГИХ КЛАССИФИКАЦИЙ | |
| Индекс | У5-982 |
| 686 1# - ИНДЕКСЫ ДРУГИХ КЛАССИФИКАЦИЙ | |
| Индекс | Л80 |
| 701 #1 - ИМЯ ЛИЦА - АЛЬТЕРНАТИВНАЯ ОТВЕТСТВЕННОСТЬ | |
| Начальный элемент ввода | Голев |
| Часть имени, кроме начального элемента ввода | И. М. |
| Расширение инициалов личного имени | Игорь Михайлович |
| 701 #1 - ИМЯ ЛИЦА - АЛЬТЕРНАТИВНАЯ ОТВЕТСТВЕННОСТЬ | |
| Начальный элемент ввода | Гостева |
| Часть имени, кроме начального элемента ввода | С. Р. |
| Расширение инициалов личного имени | Снежана Руслановна |
| 701 #1 - ИМЯ ЛИЦА - АЛЬТЕРНАТИВНАЯ ОТВЕТСТВЕННОСТЬ | |
| Начальный элемент ввода | Дерканосова |
| Часть имени, кроме начального элемента ввода | Н. М. |
| Расширение инициалов личного имени | Наталья Митрофановна |
| 702 #1 - ИМЯ ЛИЦА - ВТОРИЧНАЯ ОТВЕТСТВЕННОСТЬ | |
| Начальный элемент ввода | Полянский |
| Часть имени, кроме начального элемента ввода | К. К. |
| Расширение инициалов личного имени | Константин Константинович |
| Код отношения | Редактор |
| 712 02 - НАИМЕНОВАНИЕ ОРГАНИЗАЦИИ - ВТОРИЧНАЯ ОТВЕТСТВЕННОСТЬ | |
| Код отношения | Прочие |
| Начальный элемент ввода | Российский государственный торгово-экономический университет |
| Структурное подразделение | Воронежский филиал |
| Идентификатор авторитетной/нормативной записи | RU\NLR\AUTH\8810058654 |
| Системный номер авторитетной/нормативной записи | 618535 |
| 852 ## - МЕСТОНАХОЖДЕНИЕ И ШИФР ХРАНЕНИЯ | |
| Идентификатор организации | NLR |
| Шифр хранения (Call Number) | 2014-3/7728 |
| 942 ## - ДОПОЛНИТЕЛЬНЫЕ ЭЛЕМЕНТЫ ЗАПИСИ (АБИС) | |
| Тип экземпляра АБИС | Книга |
Нет доступных экземпляров.